<?xml version="1.0" encoding="UTF-8"?>
<record
    xmlns:xsi="http://www.w3.org/2001/XMLSchema-instance"
    xsi:schemaLocation="http://www.loc.gov/MARC21/slim http://www.loc.gov/standards/marcxml/schema/MARC21slim.xsd"
    xmlns="http://www.loc.gov/MARC21/slim">

  <leader>01235nam a22002537a 4500</leader>
  <controlfield tag="005">20100723100918.0</controlfield>
  <datafield tag="010" ind1=" " ind2=" ">
    <subfield code="a">HIN-89797</subfield>
  </datafield>
  <datafield tag="020" ind1=" " ind2=" ">
    <subfield code="c">200.00</subfield>
    <subfield code="a">8185139334</subfield>
  </datafield>
  <datafield tag="035" ind1=" " ind2=" ">
    <subfield code="a">HN-62143</subfield>
  </datafield>
  <datafield tag="037" ind1=" " ind2=" ">
    <subfield code="b">DBAD/PUB</subfield>
  </datafield>
  <datafield tag="082" ind1=" " ind2=" ">
    <subfield code="a">&#x909;</subfield>
  </datafield>
  <datafield tag="100" ind1=" " ind2=" ">
    <subfield code="a">&#x926;&#x94D;&#x935;&#x93F;&#x935;&#x947;&#x926;&#x940;, &#x928;&#x940;&#x930;&#x91C;&#x93E;</subfield>
    <subfield code="9">1031</subfield>
  </datafield>
  <datafield tag="245" ind1=" " ind2=" ">
    <subfield code="a">&#x915;&#x93E;&#x932;&#x91A;&#x915;&#x94D;&#x930; &#x938;&#x947; &#x92A;&#x930;&#x947;&#x903;</subfield>
    <subfield code="c">&#x928;&#x940;&#x930;&#x91C;&#x93E; &#x926;&#x94D;&#x935;&#x93F;&#x935;&#x947;&#x926;&#x940;</subfield>
    <subfield code="b">&#x92A;&#x941;&#x928;&#x930;&#x94D;&#x91C;&#x928;&#x94D;&#x92E; &#x915;&#x940; &#x938;&#x924;&#x94D;&#x92F;&#x915;&#x925;&#x93E; &#x92A;&#x930; &#x906;&#x927;&#x93E;&#x930;&#x93F;&#x924; &#x909;&#x92A;&#x928;&#x94D;&#x92F;&#x93E;&#x938; /</subfield>
  </datafield>
  <datafield tag="246" ind1=" " ind2=" ">
    <subfield code="a">Kalchakra Se Parey</subfield>
    <subfield code="b">by Nirja Diwedi</subfield>
  </datafield>
  <datafield tag="250" ind1=" " ind2=" ">
    <subfield code="a">2&#x930;&#x93E; &#x938;&#x902;&#x938;&#x94D;&#x915;</subfield>
  </datafield>
  <datafield tag="260" ind1=" " ind2=" ">
    <subfield code="a">&#x92C;&#x93F;&#x91C;&#x928;&#x94C;&#x930;</subfield>
    <subfield code="b">&#x939;&#x93F;&#x928;&#x94D;&#x926;&#x940; &#x938;&#x93E;&#x939;&#x93F;&#x924;&#x94D;&#x92F; &#x928;&#x93F;&#x915;&#x947;&#x924;&#x928;</subfield>
    <subfield code="c">2010</subfield>
  </datafield>
  <datafield tag="270" ind1=" " ind2=" ">
    <subfield code="a">16, &#x938;&#x93E;&#x939;&#x93F;&#x924;&#x94D;&#x92F; &#x935;&#x93F;&#x939;&#x93E;&#x930;, &#x92C;&#x93F;&#x91C;&#x928;&#x94C;&#x930;</subfield>
    <subfield code="b">&#x92C;&#x93F;&#x91C;&#x928;&#x94C;&#x930; (&#x909;.&#x92A;&#x94D;&#x930;)</subfield>
    <subfield code="k">01342-263232</subfield>
  </datafield>
  <datafield tag="300" ind1=" " ind2=" ">
    <subfield code="a">128&#x92A;&#x943;.</subfield>
    <subfield code="b">22&#x938;&#x947;&#x92E;&#x940; (&#x938;&#x91C;&#x93F;&#x932;&#x94D;&#x926;)</subfield>
  </datafield>
  <datafield tag="650" ind1=" " ind2=" ">
    <subfield code="b">&#x939;&#x93F;&#x928;&#x926;&#x940; &#x915;&#x925;&#x93E; &#x938;&#x93E;&#x939;&#x93F;&#x924;&#x94D;&#x92F;</subfield>
    <subfield code="9">24194</subfield>
  </datafield>
  <datafield tag="650" ind1=" " ind2=" ">
    <subfield code="b">Hindi Katha Sahitya</subfield>
    <subfield code="9">658</subfield>
  </datafield>
  <datafield tag="700" ind1=" " ind2=" ">
    <subfield code="9">1006</subfield>
  </datafield>
  <datafield tag="942" ind1=" " ind2=" ">
    <subfield code="2">ddc</subfield>
    <subfield code="c">HN</subfield>
    <subfield code="h">&#x909;</subfield>
    <subfield code="m">&#x926;&#x94D;&#x935;&#x93F;&#x935;&#x947;&#x926;&#x940;</subfield>
  </datafield>
  <datafield tag="999" ind1=" " ind2=" ">
    <subfield code="c">37414</subfield>
    <subfield code="d">37414</subfield>
  </datafield>
  <datafield tag="952" ind1=" " ind2=" ">
    <subfield code="0">0</subfield>
    <subfield code="1">0</subfield>
    <subfield code="4">0</subfield>
    <subfield code="7">1</subfield>
    <subfield code="8">FIC</subfield>
    <subfield code="a">DBAD</subfield>
    <subfield code="b">DBAD</subfield>
    <subfield code="d">2010-07-23</subfield>
    <subfield code="e">DBAD / PUB</subfield>
    <subfield code="g">200.00</subfield>
    <subfield code="l">0</subfield>
    <subfield code="o">&#x909; &#x926;&#x94D;&#x935;&#x93F;&#x935;&#x947;&#x926;&#x940;</subfield>
    <subfield code="p">HN-62143</subfield>
    <subfield code="r">2010-07-23 00:00:00</subfield>
    <subfield code="t">1</subfield>
    <subfield code="v">200.00</subfield>
    <subfield code="w">2010-07-23</subfield>
    <subfield code="y">HN</subfield>
  </datafield>
</record>
